000 00548cam a2200181 a 4500
001 000011186
005 20200929162401.0
008 691510s1968 nyua 001 0 eng d
040 _aDO-SdBNP
_beng
_cLC
_dBNPHU
082 _a612.84
_bK89y
100 1 _aKraskin, Robert A.
_926726
245 1 0 _aYou can improve your vision /
_cRobert A. Kraskin.
260 _aGarden City, New York :
_bDoubleday y Company,
_c1968.
300 _axv, 128 p. :
_bil. ;
_c22 cm.
650 4 _aVisión.
_926727
910 _aCatalogación por copia / LC
049 _aBNGR
999 _c10908
_d10908